[Event "GRE-chT Online Rapid op 1st"]
[Site "Tornelo INT"]
[Date "2021.02.21"]
[Round "7.39"]
[White "Karageorgos, Athanasios"]
[Black "Kakomitas, Spyridon"]
[Result "1/2-1/2"]
[WhiteElo "1098"]
[BlackElo "1172"]
[PlyCount "89"]
[EventDate "2021.02.20"]
[EventType "team-swiss (rapid)"]
[EventRounds "9"]
[EventCountry "GRE"]
[SourceTitle "EXT 2023"]
[Source "ChessBase"]
[SourceDate "2022.10.05"]
[SourceVersion "1"]
[SourceVersionDate "2022.10.05"]
[SourceQuality "1"]

1. e4 c6 2. d4 d5 3. e5 Bf5 4. Nf3 e6 5. Nc3 f6 6. Bd3 Bxd3 7. Qxd3 Nd7 8. 0-0 Qc7 9. Re1 fxe5 10. Nxe5 Nxe5 11. dxe5 Ne7 12. Qf3 Ng6 13. Bf4 Bc5 14. Bg3 Rf8 15. Qe2 Kf7 16. Na4 Bb6 17. Nxb6 Qxb6 18. b3 Kg8 19. Rf1 Rf5 20. Rad1 Raf8 21. Rd3 Rg5 22. Rf3 Rxf3 23. Qxf3 Nxe5 24. Bxe5 Rxe5 25. Qc3 Rf5 26. g3 d4 27. Qd3 c5 28. c4 Qc6 29. f3 Re5 30. Kf2 Re3 31. Qd1 e5 32. Re1 Rxe1 33. Qxe1 Qh6 34. h4 Qf6 35. Qe4 Qa6 36. Qd5+ Kf8 37. Qd8+ Kf7 38. Qd5+ Qe6 39. Qxb7+ Qe7 40. Qd5+ Ke8 41. Qg8+ Qf8 42. Qe6+ Qe7 43. Qg8+ Qf8 44. Qe6+ Qe7 45. Qg8+ 1/2-1/2